Alle Torschützen vom FC Bayern München 2021/2022 - Statistiken

Allgemein
  • Dieses Quiz wurde 205 mal gespielt
  • Das Durchschnittsergebnis liegt bei 10 aus 18
Antwortstatistiken
Alle
Tore
BL DFL
Supercup
DFB
Pokal
CL Spieler % Korrekt
50 35 2 0 13 Robert Lewandowski
98%
13 8 1 0 4 Thomas Müller
96%
17 14 0 0 3 Serge Gnabry
95%
3 3 0 0 0 Joshua Kimmich
92%
3 3 0 0 0 Leon Goretzka
91%
8 6 0 0 2 Kingsley Coman
83%
8 5 0 2 1 Jamal Musiala
80%
14 7 0 1 6 Leroy Sane
68%
1 1 0 0 0 Dayot Upamecano
66%
9 4 0 4 1 Eric Maxim Choupo-Moting
66%
1 1 0 0 0 Niklas Süle
57%
1 1 0 0 0 Marcel Sabitzer
36%
3 2 0 1 0 Corentin Tolisso
28%
1 1 0 0 0 Josip Stanisic
27%
1 0 0 1 0 Bouna Sarr
18%
1 1 0 0 0 Tanguy Nianzou
12%
1 0 0 1 0 Michael Cuisance
9%
1 0 0 1 0 Malik Tillman
4%
Keine übereinstimmenden Quizze gefunden
Verteilung der Resultate
Anzahl Personen mit jedem Resultat
Perzentil nach korrekt beantworteten Fragen
Ihre Resultats-Entwicklung
Sie haben dieses Quiz noch nicht gespielt